000 nam a22 7a 4500
999 _c126166
_d126166
008 170222b xxu||||| |||| 00| 0 eng d
050 _aJQ1981.S70
245 _aSouth Africa
_bJustice sector and the rule of law
_cAfriMAP and Open Society Foundation for South Africa
260 _aSouth Africa
_bOpen Society Foundation
300 _axi, 180p. ;
_c24cm.
650 _aDemocracy
_zSouth Africa
_928922
650 _aSouth Africa
_xPolitics
_928923
942 _2lcc
_cMONOGRAPH